000
00265nam a22001217a 4500
082
_a
624.1834BAL
100
_a
Baloch Mohammad Ibrahim
245
_a
Concrete construction
250
_a
Vol I & II
260
_a
Karachi
_c
1980
300
_a
127+142
942
_c
BK
999
_c
13113
_d
13113